Kabale University Library Catalogue

Urban problems : (Record no. 6076)

MARC details
000 -LEADER
fixed length control field 01093pam a2200289 i 4500
005 - DATE AND TIME OF LATEST TRANSACTION
control field 20260205150125.0
008 - FIXED-LENGTH DATA ELEMENTS--GENERAL INFORMATION
fixed length control field 780807s1979 maua b 001 0 eng
020 ## - INTERNATIONAL STANDARD BOOK NUMBER
International Standard Book Number 0205065309 :
Terms of availability $10.95
040 ## - CATALOGING SOURCE
Original cataloging agency KABLIB
Transcribing agency KABLIB
Description conventions rda
082 00 - DEWEY DECIMAL CLASSIFICATION NUMBER
Classification number 301.36
Edition number 23
Item number LAR
100 1# - MAIN ENTRY--PERSONAL NAME
Personal name Larson, Calvin J.
9 (RLIN) 15419
245 10 - TITLE STATEMENT
Title Urban problems :
Remainder of title perspectives on corporations, governments, and cities /
Statement of responsibility, etc. Calvin J. Larson, Stan R. Nikkel.
260 ## - PUBLICATION, DISTRIBUTION, ETC.
Place of publication, distribution, etc. Boston :
Name of publisher, distributor, etc. Allyn and Bacon,
Date of publication, distribution, etc. c1979.
300 ## - PHYSICAL DESCRIPTION
Extent x, 326 p. :
Other physical details ill. ;
Dimensions 24 cm.
336 ## - CONTENT TYPE
Content type term text
Content type code txt
Source rdacontent
337 ## - MEDIA TYPE
Media type term unmediated
Media type code n
Source rdamedia
338 ## - CARRIER TYPE
Carrier type term volume
Carrier type code nc
Source rdacarrier
504 ## - BIBLIOGRAPHY, ETC. NOTE
Bibliography, etc. note Includes bibliographical references and indexes.
650 #0 - SUBJECT ADDED ENTRY--TOPICAL TERM
Topical term or geographic name entry element Sociology, Urban
Geographic subdivision United States.
9 (RLIN) 15420
650 #0 - SUBJECT ADDED ENTRY--TOPICAL TERM
Topical term or geographic name entry element Social institutions
Geographic subdivision United States.
9 (RLIN) 15421
650 #0 - SUBJECT ADDED ENTRY--TOPICAL TERM
Topical term or geographic name entry element Urbanization.
9 (RLIN) 15422
650 #0 - SUBJECT ADDED ENTRY--TOPICAL TERM
Topical term or geographic name entry element Urban economics.
9 (RLIN) 15423
700 1# - ADDED ENTRY--PERSONAL NAME
Personal name Nikkel, Stan R.,
Dates associated with a name 1938-
Relator term joint author.
9 (RLIN) 15424
906 ## - LOCAL DATA ELEMENT F, LDF (RLIN)
a 7
b cbc
c orignew
d 1
e ocip
f 19
g y-gencatlg
942 ## - ADDED ENTRY ELEMENTS (KOHA)
Source of classification or shelving scheme Dewey Decimal Classification
Koha item type Book
Holdings
Withdrawn status Lost status Source of classification or shelving scheme Damaged status Not for loan Home library Current library Shelving location Date acquired Source of acquisition Total Checkouts Full call number Barcode Date last seen Price effective from Koha item type
    Dewey Decimal Classification     Mukombe Library Mukombe Library Open Access Section 05.02.2026 Donation   301.36 LAR 14501 05.02.2026 05.02.2026 Book

Kabale University Library | Kabale University P.O Box 317, Kabale, Uganda
Tel : +256754017033, +256774661503 E-mail : library@kab.ac.ug